Fr. Conceicao Rodrigues College of Engineering

Embedded system (Record no. 23958)

MARC details
000 -LEADER
fixed length control field 00364nam a2200181Ia 4500
082 ## - DEWEY DECIMAL CLASSIFICATION NUMBER
Classification number 003.3/RAJ
Item number RAJ
100 ## - MAIN ENTRY--PERSONAL NAME
Personal name Raj Kamal
250 ## - EDITION STATEMENT
Edition statement 2
245 ## - TITLE STATEMENT
Title Embedded system
260 ## - PUBLICATION, DISTRIBUTION, ETC.
Name of publisher, distributor, etc. McGraw Hill
Date of publication, distribution, etc. 2008
366 ## - TRADE AVAILABILITY INFORMATION
Publishers's discount category 17.5
300 ## - PHYSICAL DESCRIPTION
Extent 681
546 ## - LANGUAGE NOTE
Language note ENGLISH
650 ## - SUBJECT ADDED ENTRY--TOPICAL TERM
Topical term or geographic name entry element Embedded systems
654 ## - SUBJECT ADDED ENTRY--FACETED TOPICAL TERMS
Focus term embedded system
942 ## - ADDED ENTRY ELEMENTS (KOHA)
Koha item type BOOK
Holdings
Withdrawn status Lost status Damaged status Not for loan Collection Home library Current library Date acquired Source of acquisition Cost, normal purchase price Inventory number Total Checkouts Full call number Barcode Date last seen Date last checked out Cost, replacement price Price effective from Koha item type Total Renewals Date due
        CRC Fr. Agnel's C.Rodrigues College of Engineering AGNEL TECHNICAL COLLEGE LIBRARY 17/03/2023 Educational books and periodicals 288.75 189 dt 09/02/2009 3 003.3/RAJ RAJ 19340 20/12/2025 15/07/2025 350.00   BOOK 1  
        CRC Fr. Agnel's C.Rodrigues College of Engineering Fr. Agnel's C.Rodrigues College of Engineering 17/03/2023 Educational books and periodicals 288.75 189 dt 09/02/2009 2 003.3/RAJ RAJ 19339 24/01/2024 12/01/2024 350.00   BOOK    
        CRC Fr. Agnel's C.Rodrigues College of Engineering Fr. Agnel's C.Rodrigues College of Engineering 17/03/2023 Educational books and periodicals 288.75 189 dt 09/02/2009   003.3/RAJ RAJ 19342 17/03/2023   350.00   BOOK    
        CRC Fr. Agnel's C.Rodrigues College of Engineering Fr. Agnel's C.Rodrigues College of Engineering 17/03/2023 Educational books and periodicals 288.75 189 dt 09/02/2009   003.3/RAJ RAJ 19343 17/03/2023   350.00   BOOK    
        CRC Fr. Agnel's C.Rodrigues College of Engineering Fr. Agnel's C.Rodrigues- College of Engineering 17/03/2023 Educational books and periodicals 288.75 189 dt 09/02/2009 1 003.3/RAJ RAJ 19341 05/06/2023 05/06/2023 350.00   BOOK   28/08/2009